000 00604nam a22002297a 4500
003 UA-OsUOA
001 99253
007 ta
008 20130425b un ||||| |||| 00| 0 ukr d
100 _aСологуб Ф. К.
090 _a821.161.1
_bС60
942 _cBK
040 _aUA-OsUOA
_brus
_cUA-OsUOA
_dUA-OsUOA
245 _aМелкий бес
_bроман, рассказы
300 _a480 с.
955 _a3
041 _arus
080 _a821.161.1
260 _aМ.
_bПравда
_c1989
650 7 _a82 Література. Літературознавство
_2UDC
999 _c385364
_d385364